000 00518pab a2200193 454500
008 180718b1981 xxu||||| |||| 00| 0 eng d
100 _aDivatia, Nandini P.
245 _aVocational training and habilitation of the mentally handicapped
260 _c1981
300 _ap.746-757.
362 _aJul-Sep
650 _aRehabilitation
650 _aTraining
650 _aVocational training
650 _aMentally disabled
773 _aIndian Journal of Public Administration
908 _aN
909 _a88574
999 _c88574
_d88574